000 00869nas a2200265 4500
001 BR2016000395
003 BR-BrBNA
005 20231205130046.0
007 ta
008 230509b bl.|||p| |||| 00| 00por d
040 _aBR-BrBNA
_bpor
_cBiblioteca Nacional de Agricultura
041 _a(En)
072 _aL72
100 1 _aRichardi, V.S.
100 1 _aVicentini, M.
100 1 _aRebechi, D.
100 1 _aFavaro, L.F.
100 1 _aNavarro-Silva, M.A.
245 1 _aMorpho-histological characterization of immature of the bioindicator midge Chironomus sancticaroli Strixino and Strixino (Diptera, Chironomidae)
650 _aINSETO
650 _aBIOLOGIA
773 0 _tRevista Brasileira de Entomologia (Brazil)
_xISSN 0085-5626
_g(Jul-Sep 2015), v. 59(3) p. 240-250
_wBR2016000395
909 _a202311
_bLúcia
_c55
_dLúcia Elande
942 _2AGRIS
_n0
_cANA
999 _c247686
_d247686